| 000 | 00343nam a2200133Ia 4500 | ||
|---|---|---|---|
| 008 | 150201s2014 xx 000 0 und d | ||
| 082 |
_a617.643 _bE2013S |
||
| 100 | _aDAVID ,SARVER | ||
| 245 | _aESTHETIC ORTHODONTICS & ORTHOGANATHIC SURGERY | ||
| 250 | _a1ST | ||
| 260 | _bELSEVIER PUBLICATION | ||
| 650 | _aORTHODONTICS | ||
| 942 |
_2ddc _cBK _02 |
||
| 999 |
_c4875 _d4875 |
||